Most expensive football transfers - Born in 1994 - Statistics

General Stats
  • This quiz has been taken 21 times
  • The average score is 10 of 11
Answer Stats
Fee (M €) Season Nationality Left Joined Player % Correct
65,00 2019-2020 Portugal Sporting CP Manchester United Bruno Fernandes
100%
80,00 2018-2019 Spain Athletic Chelsea Kepa Arrizabalaga
95%
63,70 2015-0016 England Liverpool Manchester City Raheem Sterling
95%
56,20 2022-2023 England Manchester City Chelsea Raheem Sterling
95%
52,60 2023-2024 Serbia Fulham Al-Hilal Aleksandar Mitrovic
89%
65,00 2017-2018 Spain Athletic Manchester City Aymeric Laporte
89%
50,00 2017-2018 Portugal Monaco Manchester City Bernardo Silva
89%
65,00 2019-2020 Portugal Juventus Manchester City João Cancelo
89%
55,60 2016-2017 England Everton Manchester City John Stones
84%
57,50 2017-2018 France Monaco Manchester City Benjamin Mendy
79%
50,00 2019-2020 France / Ivory Coast Eintracht Frankfurt West Ham Sébastien Haller
74%
No matching quizzes found
Score Distribution
Percent of People with Each Score
Percentile by Number Answered
Your Score History
You have not taken this quiz